Financial Systen and Economic Development-Pakistan (Record no. 36306)

MARC details
000 -LEADER
fixed length control field 00547nam a22001817a 4500
005 - DATE AND TIME OF LATEST TRANSACTION
control field 20240806113423.0
008 - FIXED-LENGTH DATA ELEMENTS--GENERAL INFORMATION
fixed length control field 240806b |||||||| |||| 00| 0 eng d
020 ## - INTERNATIONAL STANDARD BOOK NUMBER
ISBN 978-969-8486-09-9
082 ## - DEWEY DECIMAL CLASSIFICATION NUMBER
Classification number 338.0954
Item number SHA-F
100 ## - MAIN ENTRY--AUTHOR
Author Name Shakil, Faruqi
245 ## - TITLE STATEMENT
Title Financial Systen and Economic Development-Pakistan
Statement of responsibility, etc. Shakil Faruqi
260 ## - PUBLICATION, DISTRIBUTION, ETC.
Place of Publication Lahore;
Name of publisher, distributor, etc. Lahore School of Economics;
Date of publication, distribution, etc. 2011
300 ## - PHYSICAL DESCRIPTION
Pages 492 p.:
490 ## - SERIES STATEMENT
Volume vol.1
500 ## - GENERAL NOTE
General note Includes References & Glossary
650 ## - SUBJECT ADDED ENTRY--TOPICAL TERM
Subject / Department Social Sciences/ Economics
300 ## - PHYSICAL DESCRIPTION
-- ill;
-- 25 cm.
952 ## - LOCATION AND ITEM INFORMATION (KOHA)
-- 0
-- 0
Holdings
Lost status Damaged status Collection code Permanent Location Current Location Shelving Location Date acquired Full Call Number Accession No./Barcode Date last seen item type Koha item type
    Economics/Commerce Superior Information Resource Center (SIRC) Superior University - City Campus Superior Information Resource Center (SIRC) Superior University - City Campus Economics 08/06/2024 338.0954 SHA-F 2011 7048 08/06/2024 BOOK BOOK

Powered by Koha